00487nam a2200145Ia 4500008004100000100002100041245007800062245006400140260005900204260000900263300001000272650001800282650001500300856002600315170221s9999 xx 000 0 und d aErdem Öngün. aElderly People's Choice of Media and their Perceived State of Loneliness  cErdem Öngün, Feride Zeynep Güder, Aşkın Demirağ. bOnline Journal of Communication and Media Technologies c2016 a6 : 1 xCommunication xMedia Arts uhttp://www.ojcmt.net/